Quizzes
Events
Quiz Creation
Community
Videos
Private Events
Remove Ads
Sign In
Join for FREE
Feedback
Dark Mode
Quiz Categories
Sports
Geography
Music
Movies
Television
Just For Fun
Miscellaneous
History
Literature
Language
Science
Gaming
Entertainment
Religion
Holiday
For Kids
Quiz Lab
Recent
Popular Today
Quiz Kudos Today
Editor Picks
Curator Picks
Quizzes by...
Day
Popularity
Type
Ratings
Length
Year
Community
Subscriptions
Recent Discussions
Orange Saloon
Badges
Playlists
Quests
Create
Leaderboards
Showdown
Live 5
Trivia Bingo
Activity
Puzzle Library
Sporcle Events
Private Events
Virtual Trivia
Globe League
Become a Host
Pub Owners
SporcleCon
Opinionation
Our Games
Videos
Blog
Mobile Apps
Partnerships
Remove Ads and Go Orange
Feedback
Science
Computer
Plants
Astronomy
Chemistry
Elements
Math
Animal
Physics
Anatomy
Biology
Geology
General Science
Science
Computer
Plants
Astronomy
Chemistry
Elements
Math
Animal
Physics
Anatomy
Biology
Geology
General Science
Random Quiz
Search Sporcle
×
Quiz Lab
Quiz Lab
Science
Anatomy
Type in answers that appear in a list
Type in answers that appear in a list
Classic
Best Score? Go Orange.
Anatomy Questions Stats
Can you name the terms from the anatomy lists?
By
flipp45
20m
60 Questions
125 Plays
125 Plays
125 Plays
Comments
Comments
Give Quiz Kudos
Give Quiz Kudos
-
- Ratings
hide this ad
Forced Order
Answers have to be entered in order
Answers have to be entered in order
Random Order
Randomize order of answers
Randomize order of answers
Replay
Link that replays current quiz
Next Quiz
Link to next quiz in quiz playlist
You Got
0%
They Got
Avg Score
26%
Avg Friend Score
Upgrade to see
Score Distribution
Jump to the score distribution portion of the page
Score
0/60
Timer
20:00
0
Plays Today
Description
Term
% Correct
Runs down midline of abdomen, formed by fusion of the aponeuroses of abdominal muscles
linea alba
48.8%
Separates frontal and parietal bones
coronal suture
45.6%
Nerve roots at inferior end of spinal chord
cauda equina
44.8%
Sheath that contains the rectus abdominis within it
rectus sheath
40.8%
Ligament that connects spinous processes and becomes nuchal ligament
supraspinous ligament
40%
Fossa of back of knee
popliteal fossa
40%
Ligament that connects laminae of vertebrae
ligamentum flavum
39.2%
Foramen formed by the ischium and pubis bones
obturator foramen
37.6%
The bone located at the caudal portion of the roof of the mouth
palatine bone
36.8%
Pleural recess between the costal pleura and diaphragmatic pleura
costodiaphragmatic recess
36%
Point where the two parietal bones come together with the occipital bone
lambda
35.2%
Junction between parietal bone, temporal bone, sphenoid bone, and fronal bone
pterion
34.4%
Forearm muscle that flexes the fingers
flexor digitorum superficialis
34.4%
Lateral branch of sciatic nerve
common fibular nerve
34.4%
The inferior end of the spinal chord
conus medullaris
33.6%
Strand of fibrous tissue attaching end of spinal chord to the coccyx
filum terminale
33.6%
Connects the liver to the abdominal wall
falciform ligament
33.6%
Term for the urethra as it goes through the prostate
prostatic urethra
33.6%
Separates temporal and parietal bones
squamous suture
33.6%
Continuation of anterior tibial artery over dorsum of foot
dorsalis pedis artery
33.6%
Space between the dura matter and the edge of the spinal column
epidural space
32%
Branches off subclavian artery and suplies the anterior intercostal arteries
internal thoracic artery
32%
Peritoneum that connects sigmoid colon to abdominal wall
sigmoid mesocolon
32%
Peritoneum that connects transverse colon to abdominal wall
transverse mesocolon
31.2%
Fibrous sheet that connects radius and ulna
interosseous membrane
31.2%
Become the femoral vessels inferior to the inguinal ligament
external iliac vessels
31.2%
Drains posterior intercostal veins and empties into superior vena cava
azygos vein
30.4%
Middle portion of oviduct
ampulla
30.4%
Part of ethmoid bone that gives attachment to falx cerebri
crista galli
30.4%
Ligament that suspends spinal chord in dural sac
denticulate ligament
29.6%
Description
Term
% Correct
End of the oviduct
isthmus
29.6%
Where the two parietal bones come together with the frontal bone
bregma
29.6%
The round end of the ligament that connects the liver to the abdominal wall
ligamentum teres hepatis
28%
Part of rib that articulates with transverse process of vertebrae
tubercle
27.2%
Peritoneum that connects uterus to abdominal wall
broad ligament of uterus
27.2%
Ligament that goes over the structures of the carpal tunnel
transverse carpal ligament
27.2%
Fascia between extrinsic and intrinsic back muscles
thoracolumbar fascia
26.4%
The part of the sphenoid that gives rise to the tentorium cerebelli
anterior clinoid process
26.4%
Pleural recess between the mediastinal pleura and the costal pleura
costomediastinal recess
25.6%
Part of ethmoid bone that transmits olfactory nerves
cribriform plate
25.6%
The most inferior processes of the spenoid bone
pterygoid processes
25.6%
Where the ribs articulate with the body of the vertebrae
inferior and superior costal demifacets
24.8%
Parts of oviduct closest to ovary
fimbriae
24.8%
Separates parietal and temporal bones from occipital bone
lambdoid suture
24.8%
Most superior part of tibia
tibial plateau
24.8%
Process located between superior and inferior articular facets
pars interarticularis
24%
Where the ribs articulate with the transverse processes of the vertebrae
costotransverse facet
24%
Cartilagenous joint that connects sphenoid and occipital bones
sphenobasilar synchondrosis
23.2%
Branches off of left vagus nerve near the aorta and innervates the larynx
left recurrent laryngeal nerve
22.4%
Muscle that connects first rib to clavicle
subclavius muscle
21.6%
Muscle from spinous processes and nuchal ligament to the mastoid processes
splenius capitis
20.8%
Veins of the space between the dura mater and the edge of ths spinal column
epidural venous plexus
20.8%
Muscles deep to the sternum and ribs
transversus thoracis
20%
Separates the greater and lesser sacs
epiploic foramen
20%
Muscles that go from the transverse processes to the ribs
levatores costarum
19.2%
The only coronary artery we need to know
anterior interventricular artery
17.6%
Lymph nodes of the inguinal region
superficial inguinal lymph nodes
17.6%
Artery that branches off axillary artery and goes up to deltoid and acromion
thoracoacromial trunk artery
16%
Barrier between heart and lungs, fused with diaphragm
fibrous pericardium
12.8%
Gives rise to the biceps brachii and is located on the humerus
intertubercular groove
11.2%
Quiz Playlist
Details
Report
Send in Message
Add To Playlist
Classic:
Type in answers that appear in a list
Forced Order:
Answers have to be entered in order
Random Order:
Randomize order of answers
Last Updated: Feb 16, 2017
Quiz Scoreboard
CHALLENGE
Sign Up to Join the Scoreboard
Show All
Scores
Hide
Comments
May contain spoilers
Recently Published
Presidents Visiting Landmarks
by Hejman
History
7m
An Introduction to Baseball
by treessimontrees
Sports
5m
Movies - When Are They Set?
by FPL_Elf
Movies
5m
More to Explore
Quiz From the Vault
Featured Blog Post
Where Did the Easter Bunny Come From?
hide this ad
You Might Also Like...
Tags
Anatomy Quiz
description
Term
Today's Top Quizzes in Science
Browse Science
hide this ad
Today's Top Quizzes in Anatomy
Browse Anatomy
Top Contributed Quizzes in Science
1
Quick Pick: Radians
2
Name the Acid, Base or Salt
3
Quick Pick: 'CI-CJ' Animals
4
Elements In Images
5
One Thing in Common: Science
6
One Thing in Common: Animals
7
One Thing in Common: Science III
8
1 to 50
9
One Thing in Common: Science II
10
Order Up: Organs and Body Systems
Explore More
Trending Topics
Crossword
Marvel
Disney
Harry Potter
Kpop
NBA
Anime
Puzzle
Song
Pokémon
Soccer
The Office
Country
WWE
NFL
hide this ad
More By:
flipp45
Quiz
Plays
Rating
Category
Featured
Created
Developmental milestones
209
Science
Jun 3, 2012
Anti HIV agents
202
5.00
Science
Nov 17, 2010
Anatomy Questions
125
Science
Sep 15, 2010
GI anatomy
57
Science
Mar 20, 2012
Drugs used for GI diseases
52
Science
Feb 11, 2012
Go to Creator's Profile
Score Distribution
Quiz Creator Spotlight
flipp45
Follow
Send a Message
Quizzes Created
-
Created Quiz Play Count
-
More By This Creator
Popular Quizzes Today
1
Find the US States - No Outlines Minefield
2
Find the Countries of Europe - No Outlines Minefield
3
The Countries of the World
4
Find the US States
5
Popular People in 1961
6
US States
7
Risky Map Clicking: Biggest States A-Z
8
Movies - When Are They Set?
More Science Quizzes
Binary Numbercross
Editor's Pick
Trending Quizzes
Risky Map Clicking: Least Populous States A-Z
1-10 Letter G Words
1-10 Letter F Words
Risky Map Clicking: Next State Alphabetically
Risky Map Clicking: Biggest States A-Z
Recently Updated
Leaping Animals
pecheneg
Reality TV Shows (A-Z)
bhenderson79
Rickey Henderson's Hall of Fame Teammates
pecheneg
Champions League XIs: Arsenal
pecheneg
Quick Pick: Celebrities in WWE's Hall of Fame
aduchscher
A-Z Keypad Blitz II
pecheneg
Multiple Oscar Actors
pecheneg
Mystery Phrase Blitz: Oscar 'Best Actors'
pecheneg
F. Scott Fitzgerald Novels
LTH
Pick 3 Villains
ddd62291
Trending Topics
Anime
Marvel
Kpop
Crossword
Disney
Harry Potter
NBA
Puzzle
Country
Soccer
Pokémon
NFL
The Office
WWE
Song
Your Account Isn't Verified!
In order to create a playlist on Sporcle, you need to verify the email address you used during registration. Go to your
Sporcle Settings
to finish the process.
Report this User
Report this user for behavior that violates our
Community Guidelines
.
Details:
Send Report
Go to the Sporcle.com Mobile Site →
Comments